|
|
|
|
| LEADER |
00000cam a2200000 7i4500 |
| 001 |
0000007701 |
| 002 |
000008271 |
| 005 |
20000330.0 |
| 020 |
|
|
|a 0721408559
|
| 090 |
0 |
0 |
|a JF
|b SLE
|
| 245 |
0 |
0 |
|a Sleepig Beauty
|c retold by Alison Ainsworth ; illustrated by Angus McBride
|
| 260 |
|
|
|a Loughborough :
|b Ladybirds Books Ltd ,
|c 19__
|
| 300 |
|
|
|a 51 p. :
|b ill. ;
|c 18 cm.
|
| 490 |
0 |
|
|a Read it yourself
|
| 650 |
0 |
0 |
|a Children's stories
|
| 700 |
1 |
|
|a McBride, Angus ,
|e illustrated
|
| 999 |
|
|
|a 052255
|b BUKU
|c PINJAMAN
|e PERPUSTAKAAN KOMUNITI PETALING JAYA
|
| 999 |
|
|
|a 055576
|b BUKU
|c PINJAMAN
|e PERPUSTAKAAN KOMUNITI PETALING JAYA
|
| 999 |
|
|
|a 055577
|b BUKU
|c PINJAMAN
|e PERPUSTAKAAN KOMUNITI PETALING JAYA
|